000
00330nam a2200133Ia 4500
008
230524s9999 xx 000 0 und d
020
_a
9789350247181
100
_a
P.Subba Rao
245
0
_a
International Human Resource Management
260
_b
Himalaya
500
_a
Quantity Number: 10
650
_a
Management
942
_c
BK
999
_c
51314
_d
51314